[Event "ACL-M065"]
[Site "www.playchess.de"]
[Date "2006.01.08"]
[Round "2"]
[White "Goofy"]
[Black "En_passant"]
[WhiteElo "1932"]
[BlackElo "2168"]
[PlyCount "104"]
[Result "0-1"]

1.d4 {Hi again, good game! ;o))}  Nf6 {Hello again 
Erik!  Good games are stunning.}  2.c4 e6 3.Nc3 
Bb4 4.e3 O-O 5.Bd3 d5 6.Nf3 c5 7.O-O dxc4 8.Bxc4 
b6 9.a3 Bxc3 10.bxc3 Bb7 11.dxc5 bxc5 12.a4 Qc7 
13.Qe2 Nbd7 14.Rd1 Rfd8 15.Bb2 Rab8 16.Bb5 Bxf3 
17.gxf3 c4 18.Ba3 Ne5 19.f4 Nd3 20.Qa2 Rbc8 21.Ba6 
Ne4 22.Rdf1 Nxf4 23.exf4 Rd2 24.Qxc4 Qxc4 25.Bxc4 
Rxc4 26.Bb4 g6 27.Rad1 Ra2 28.Rd3 Kg7 29.a5 Nf6 
30.f5 gxf5 31.Rg3+ Rg4 32.f3 Rg6 33.Rf2 Ra1+ 
34.Rf1 Ra4 35.Rd1 Nd5 36.Rd4 Ra1+ 37.Kf2 Ra2+ 
38.Kg1 Rc2 39.Rd3 a6 40.Rxg6+ Kxg6 41.Rd4 Kg5 
42.Rc4 Nxb4 43.Rxb4 Rxc3 44.Rb6 Kf4 45.Rxa6 Kxf3 
46.h4 Kg3 47.Kf1 f4 {Happy New Year!}  48.Ra8 
{Same to you! ;o))}  Rc1+ 49.Ke2 f3+ 50.Kd2 Rh1 
51.Rg8+ Kf4 52.Rg7 f5 0-1

[Event "HCL-E1509"]
[Site "www.playchess.de"]
[Date "2006.01.08"]
[Round "17"]
[White "puddschini"]
[Black "Eishockeytorwart"]
[WhiteElo "2043"]
[BlackElo "1944"]
[PlyCount "77"]
[Result "1-0"]

1.d4 {HALLO, viel Spaß bei unserer 
Partie.
Gruß
Jörg}  d5 {hallo auch Ihnen viel Spaß}  2.c4 dxc4 
3.e4 e5 4.Nf3 exd4 5.Bxc4 Bb4+ 6.Nbd2 Nc6 7.O-O 
Nf6 8.e5 Nd7 9.e6 fxe6 10.Bxe6 Nb6 11.Bb3 Bg4 
12.Re1+ Be7 13.h3 Bh5 14.Ne4 Ne5 15.Neg5 Nxf3+ 
16.Nxf3 Rf8 17.Bg5 Bxf3 18.gxf3 Nc8 19.Qd3 Qd6 
20.Re6 Qc5 21.h4 Rf5 22.Bxe7 Nxe7 23.Rae1 g6 
24.R6xe7+ Qxe7 25.Rxe7+ Kxe7 26.Qe4+ Kd6 27.Qe6+ 
Kc5 28.Qc4+ Kb6 29.Qxd4+ {Frohes Neues.}  Ka6 
30.Bc4+ b5 31.Bd3 Raf8 32.Bxf5 Rxf5 33.Qd7 Kb7 
34.Qxh7 Rf4 35.Qe7 Rc4 36.Kg2 a6 37.Qg5 Rd4 38.f4 
Rd6 39.f5 1-0

[Event "HCL-E1530"]
[Site "www.playchess.de"]
[Date "2006.01.08"]
[Round "1"]
[White "Josef"]
[Black "chochoyp"]
[WhiteElo "1608"]
[BlackElo "2080"]
[PlyCount "36"]
[Result "1/2-1/2"]

1.d4 Nf6 2.c4 g6 3.Nc3 Bg7 4.e4 O-O 5.f3 c6 6.Be3 
d5 7.e5 Nfd7 8.cxd5 cxd5 9.Bd3 Nxe5 10.dxe5 d4 
11.Bd2 dxc3 12.Bxc3 Nc6 13.f4 Qb6 14.Nf3 Rd8 
15.Qe2 Nb4 16.Be4 Be6 17.Qf2 Qxf2+ 18.Kxf2 Nd3+ 
{(offering draw)}  1/2-1/2

[Event "HCL-E1451"]
[Site "www.playchess.de"]
[Date "2006.01.08"]
[Round "19"]
[White "UGY"]
[Black "leobor"]
[WhiteElo "1808"]
[BlackElo "2074"]
[PlyCount "79"]
[Result "1-0"]

1.e4 c5 2.Nf3 e6 3.d4 cxd4 4.Nxd4 Nc6 5.Nc3 Qc7 
6.Ndb5 Qb8 7.f4 a6 8.Nd4 b5 9.a3 Nge7 10.Nb3 Ng6 
11.g3 b4 12.axb4 Bxb4 13.Bg2 O-O 14.O-O Bxc3 
15.bxc3 Rd8 16.f5 Nge5 17.f6 g6 18.Qd2 Kh8 19.Qg5 
Qb5 20.h3 Qe2 21.Nd4 Qh5 22.Qxh5 gxh5 23.Bf4 a5 
24.Rfd1 Ba6 25.Nxc6 Nxc6 26.e5 h4 27.Rxd7 Rxd7 
28.Bxc6 Rdd8 29.Bxa8 Rxa8 30.Rxa5 hxg3 31.Bxg3 h5 
32.Kf2 Bb7 33.Rc5 Rc8 34.Rxc8+ Bxc8 35.Ke3 Kh7 
36.Kd4 Kg6 37.Kc5 Ba6 38.c4 Kf5 39.c3 h4 
40.Bh2 1-0

[Event "HCL-E1509"]
[Site "www.playchess.de"]
[Date "2006.01.08"]
[Round "12"]
[White "BohdanL"]
[Black "Eishockeytorwart"]
[WhiteElo "1499"]
[BlackElo "1944"]
[PlyCount "81"]
[Result "1-0"]

1.Nf3 {Hi, have a good game. Your performance is 
very well here :-)}  Nf6 {welcome from  germany 
have a nice game}  2.c4 Nc6 3.g3 e5 4.Nc3 d5 
5.cxd5 Nxd5 6.Bg2 Be6 7.O-O Nb6 8.d4 exd4 9.Nb5 
Bc4 10.a4 Bc5 11.b3 Bxb5 12.axb5 Nb4 13.Bb2 O-O 
14.Nxd4 Qc8 15.e3 Re8 16.Qh5 Nd3 17.Bc3 f5 18.Nxf5 
Bf8 19.Bh3 Re6 20.Nxg7 Bxg7 21.Bxg7 Kxg7 22.Qg4+ 
Kh8 23.Qxe6 Qxe6 24.Bxe6 Nc5 25.Bf7 Nd3 26.Rfd1 
Nxf2 27.Kxf2 Rf8 28.Kg2 Rxf7 29.Rxa7 Rf8 30.Rxb7 
Na8 31.Rd7 Rc8 32.b6 Nxb6 33.Rdxc7 Rxc7 34.Rxc7 
Nd5 35.Rc8+ Kg7 36.e4 Nb4 37.Kf3 Nd3 38.Ke3 Ne5 
39.Kf4 Ng6+ 40.Kg5 Ne5 41.Rc7+ 1-0

[Event "HCL-M864"]
[Site "www.playchess.de"]
[Date "2006.01.08"]
[Round "1"]
[White "TealBeatle"]
[Black "Gleis3"]
[WhiteElo "1944"]
[BlackElo "2025"]
[PlyCount "66"]
[Result "0-1"]

1.Nf3 {Hey, veel plezier he.}  d5 {Viel Spass in 
dieser Partie}  2.d4 {Danke und lassen Sie uns 
irgendein Spiel von ihm bilden!}  Nf6 3.e3 e6 4.c4 
Be7 5.Bd3 dxc4 6.Bxc4 O-O 7.O-O c5 8.Nc3 Nbd7 
9.Qe2 a6 10.a4 b6 11.dxc5 Nxc5 12.b4 Ncd7 13.Na2 
Bb7 14.Bb2 Bd6 15.Rfd1 Qb8 16.h3 a5 17.b5 Bxf3 
18.Qxf3 Bh2+ 19.Kh1 Be5 20.Bd4 Qd6 21.Bxe5 Qxe5 
22.Rd4 Rac8 23.Rc1 Qb8 24.Nc3 Rc5 25.Ne4 Nxe4 
26.Qxe4 Nf6 27.Qh4 {Een goed 2006!}  Rh5 {Happy 
New Year !}  28.Qg3 {thx :)}  Qxg3 29.fxg3 Rc5 
30.Kg1 h5 31.Rd2 Nd5 32.Kf2 Rfc8 33.e4 
Nb4 0-1

[Event "HCL-A2537"]
[Site "www.playchess.de"]
[Date "2006.01.08"]
[Round "12"]
[White "Matu"]
[Black "kikkone"]
[WhiteElo "1523"]
[BlackElo "1805"]
[PlyCount "58"]
[Result "0-1"]

1.Nf3 Nf6 2.b3 g6 3.Bb2 Bg7 4.g3 O-O 5.Bg2 c6 
6.O-O d5 7.e3 Bg4 8.h3 Bf5 9.d4 Qc8 10.Kh2 Na6 
11.a3 Ne4 12.Nbd2 Nxd2 13.Nxd2 c5 14.c4 cxd4 
15.Bxd4 Bd3 16.Re1 dxc4 17.Bxg7 Kxg7 18.Nxc4 Rd8 
19.Qc1 Nc5 20.Qc3+ f6 21.Rad1 Qf5 22.b4 Na4 23.Qb3 
Bc2 24.Rxd8 Bxb3 25.Rxa8 Bxc4 26.Rxa7 Qxf2 27.Rg1 
Nc3 28.Kh1 Ne2 29.Rd1 Bd5 0-1

[Event "HCL-B3729"]
[Site "www.playchess.de"]
[Date "2006.01.08"]
[Round "17"]
[White "PhilipKaveny"]
[Black "benace"]
[WhiteElo "1348"]
[BlackElo "1647"]
[PlyCount "29"]
[Result "1-0"]

1.e4 e5 2.Nf3 Nc6 3.Bc4 Nf6 4.Ng5 d5 5.exd5 Nxd5 
6.Nxf7 Kxf7 7.Qf3+ Ke7 8.Bxd5 Qd6 9.Qf7+ Kd8 
10.Bxc6 Qxc6 11.O-O Be6 12.Qh5 Bd6 13.Nc3 g6 
14.Qg5+ Kd7 15.a4 1-0

[Event "HCL-E1518"]
[Site "www.playchess.de"]
[Date "2006.01.08"]
[Round "9"]
[White "Roadkill"]
[Black "Arman_Bulatov"]
[WhiteElo "1889"]
[BlackElo "1628"]
[PlyCount "37"]
[Result "1-0"]

1.d4 {good luck
}  Nf6 {thnx same 2 u}  2.c4 e6 3.Nc3 Bb4 4.e3 O-O 
5.Bd3 c5 6.a3 Bxc3+ 7.bxc3 d5 8.cxd5 exd5 9.Ne2 c4 
10.Bc2 Nc6 11.O-O a6 12.f3 Re8 13.Ng3 b5 14.e4 
dxe4 15.fxe4 Bg4 16.Qd2 Qb6 17.Qf2 a5 18.Bg5 Nd7 
19.h3 1-0

[Event "ACL-A649"]
[Site "www.playchess.de"]
[Date "2006.01.08"]
[Round "6"]
[White "dudi"]
[Black "pgschumy"]
[WhiteElo "1786"]
[BlackElo "1574"]
[PlyCount "65"]
[Result "1-0"]

1.d4 d5 {Hi! From Sofia, Bulgaria! gg}  2.c4 
{Greetinx from Somerset in the UK. Good luck!!}  
e6 3.Nc3 Nf6 4.Nf3 Be7 5.Bg5 O-O 6.e3 a6 7.cxd5 
Nxd5 8.Bxe7 Qxe7 9.Bd3 Nxc3 10.bxc3 Nd7 11.O-O Rd8 
12.Qc2 h6 13.Rab1 c5 14.a4 Nf6 15.Ne5 Qc7 16.Qb3 
cxd4 17.cxd4 Nd5 18.Rfc1 Qe7 19.Qc2 Nb4 20.Bh7+ 
Kf8 21.Qe2 Nd5 22.a5 Qa3 23.Qf3 f6 24.Ng6+ Ke8 
25.Qh5 Kd7 26.Rc5 {Merry Christmas!!!}  Re8 {Merry 
Christmas!!! I will be in London somewhere 20-th 
or 24-th January!}  27.Qg4 {All the best in the 
New Year!!! Have a nice time in London. I just 
love London.}  Kd8 {Happy New Year!!!}  28.Qg3 
{Happy New Year from England!}  Qa4 29.e4 Qd7 
30.exd5 exd5 31.Nf4 Qe7 32.Rxd5+ Bd7 
33.h3 1-0

[Event "HCL-B3823"]
[Site "www.playchess.de"]
[Date "2006.01.08"]
[Round "10"]
[White "PhilipKaveny"]
[Black "Skipper_Robert"]
[WhiteElo "1406"]
[BlackElo "957"]
[PlyCount "41"]
[Result "1-0"]

1.e4 e5 2.Bc4 Nf6 3.Nf3 Nc6 4.Ng5 d6 5.Nxf7 Qe7 
6.Nxh8 Nxe4 7.Qh5+ g6 8.Nxg6 hxg6 9.Qxg6+ Kd8 
10.Qxe4 Qg5 11.Nc3 Nd4 12.h4 Qf6 13.Nd5 Qg7 14.Bb3 
Bf5 15.Qe3 {VeryGood fight my friend}  Qxg2 
16.Qg5+ Qxg5 17.hxg5 Nf3+ 18.Kf1 Nxg5 19.Rh8 Kd7 
20.f4 Re8 21.Nf6+ 1-0

[Event "HCL-C4054"]
[Site "www.playchess.de"]
[Date "2006.01.08"]
[Round "18"]
[White "pytolo98"]
[Black "nico21"]
[WhiteElo "1232"]
[BlackElo "1430"]
[PlyCount "52"]
[Result "0-1"]

1.e4 c5 2.Bc4 e6 3.d3 d5 4.exd5 exd5 5.Bb5+ Bd7 
6.a4 Nf6 7.Bg5 d4 8.h3 Qa5+ 9.Nd2 Bxb5 10.axb5 
Qxb5 11.Bxf6 gxf6 12.Nc4 Qb4+ 13.Nd2 Bh6 14.Ne2 
Qxd2+ 15.Qxd2 Bxd2+ 16.Kxd2 Nc6 17.Rhe1 O-O-O 
18.Nf4 Kb8 19.Nh5 Rhg8 20.g4 Rg6 21.f4 f5 22.gxf5 
Rh6 23.Ng3 Rxh3 24.Ne4 Re8 25.Ng5 Rh2+ 26.Kc1 
Rxe1+ 0-1

[Event "HCL-E1539"]
[Site "www.playchess.de"]
[Date "2006.01.08"]
[Round "19"]
[White "BohdanL"]
[Black "yannick"]
[WhiteElo "1486"]
[BlackElo "1604"]
[PlyCount "53"]
[Result "1-0"]

1.e4 {Hi, nice to meet you again after long break 
in our games, have a nice tournament}  d6 {same 
here happy new year and good game}  2.d4 {hm, look 
at this site: http://alumni.plymouth.edu/~zrstephen02/DIEPIRCDIE.html 
:-)}  Nf6 {very interesting for me,I like pirc 
defence}  3.f3 {i too, but i prefer to start with 
g6, Bg7 and then d6}  Nc6 {I agree but I d'ont 
know 3 f3}  4.Be3 {I like to try, you can check 
Kasparov's games against Pirc, few times he played 
3.f3 (and i do not realy trust the site i gave 
you, i trust more to Keene, master of Pirc :-))}  
Bd7 5.Bd3 Nb4 6.Be2 e5 7.d5 c5 8.a3 Na6 9.Qd2 Nc7 
10.c4 Nxe4 11.fxe4 {what was the reason?}  Qh4+ 
{perhaps a mistake or a diabolic plan}  12.Bf2 
{hope the second :-)}  Qxe4 {surprise,let's go}  
13.Nf3 Qg6 14.Nh4 Qf6 15.O-O O-O-O 16.Nc3 Kb8 
17.b4 b6 18.bxc5 bxc5 19.Bd3 g6 20.a4 Qg7 21.Nb5 
Nxb5 22.axb5 Rc8 23.Qa5 Re8 {it was a blunder not 
a good plan !!!}  24.Qxa7+ {i think you had to 
develop your figures litle bit quicker, but what 
was your plan?}  Kc8 {I agree but me like Kasparov 
I doesn't reveal some secrets plans...}  25.Qa8+ 
{ok, may be next time :-)}  Kc7 {I d'ont 
know,thinking I w'll make a break with chess I 'm 
overtired with too much games}  26.Ra7+ {why not 
to reduce number, but stay playing}  Kb6 {I'll 
think this option}  27.Qb7+ {thank you for the 
game and good luck in your others, hope to play 
against you soon (may be private, if you will 
delay your participation in new tournaments)} 
 1-0

[Event "HCL-E1510"]
[Site "www.playchess.de"]
[Date "2006.01.08"]
[Round "5"]
[White "Mandy"]
[Black "Roberto_Sammi"]
[WhiteElo "1587"]
[BlackElo "2000"]
[PlyCount "46"]
[Result "0-1"]

1.d4 {hello}  f5 2.Nf3 Nf6 {HI Mandy! Have a good 
game!Good luck}  3.e3 e6 4.Bd3 d5 5.b3 Bd6 6.Bb2 
O-O 7.O-O Ne4 8.Nbd2 b6 9.Ne5 Nd7 10.f3 Nxd2 
11.Qxd2 c5 12.e4 dxe4 13.fxe4 cxd4 14.Nxd7 Qxd7 
15.exf5 e5 16.Rae1 Bb7 17.Qg5 Kh8 18.Qh5 Rae8 
19.f6 gxf6 20.Bf5 Qg7 21.Rf2 Rfg8 22.g3 Bc5 23.Kf1 
Re7 0-1

[Event "HCL-C4049"]
[Site "www.playchess.de"]
[Date "2006.01.08"]
[Round "20"]
[White "ama49"]
[Black "tusnelda"]
[WhiteElo "1188"]
[BlackElo "1187"]
[PlyCount "71"]
[Result "1-0"]

1.e4 e5 2.Nf3 Nc6 3.d4 exd4 4.Nxd4 Bc5 5.Nb3 d6 
6.Bb5 Be6 7.Nxc5 dxc5 8.O-O Nge7 9.Nc3 O-O 10.Be3 
c4 11.Bxc6 Nxc6 12.Bc5 Re8 13.Qxd8 Rexd8 14.Rad1 
Rde8 15.Nd5 Rac8 16.h3 b6 17.Ba3 Bxd5 18.exd5 Ne5 
19.d6 cxd6 20.Bxd6 Ng6 21.Rfe1 Rxe1+ 22.Rxe1 h6 
23.c3 Rc6 24.Re8+ Kh7 25.Bg3 f5 26.Ra8 a5 27.Ra7 
Ne7 28.Rxe7 b5 29.Re5 Rb6 30.Rxf5 a4 31.Rf7 b4 
32.Bc7 Rb7 33.cxb4 Rxb4 34.Be5 Kg6 35.Rc7 Rxb2 
36.Bxb2 1-0

[Event "HCL-B3785"]
[Site "www.playchess.de"]
[Date "2006.01.08"]
[Round "5"]
[White "newplayer"]
[Black "Snillie"]
[WhiteElo "1088"]
[BlackElo "1467"]
[PlyCount "44"]
[Result "0-1"]

1.e4 d6 2.d4 Nf6 3.Bd3 e5 4.dxe5 dxe5 5.Bg5 h6 
6.Bxf6 Qxf6 7.Nf3 Bc5 8.Be2 O-O 9.Nc3 Be6 10.Nb5 
Bb6 11.a4 a6 12.Nc3 Rd8 13.Bd3 Nc6 14.O-O Rd7 
15.Qe2 Rad8 16.Rfd1 Bg4 17.h3 Bxf3 18.Qxf3 Qxf3 
19.Be2 Qxf2+ 20.Kh1 R7xd1+ 21.Rxd1 Rxd1+ 22.Bxd1 
Qg1+ 0-1

[Event "HCL-C4040"]
[Site "www.playchess.de"]
[Date "2006.01.08"]
[Round "7"]
[White "RUDI"]
[Black "VITAL"]
[WhiteElo "1274"]
[BlackElo "1272"]
[PlyCount "89"]
[Result "1-0"]

1.e4 {Ich grüße Dich!}  e5 {ich dich auch!}  2.d4 
exd4 3.Qxd4 Nc6 4.Qd1 Qf6 5.Nf3 h6 6.Bd3 Bc5 7.O-O 
d6 8.Nc3 Nge7 9.a3 O-O 10.b4 Bd4 11.Nxd4 Qxd4 
12.Bb2 Qe5 13.Rb1 Ng6 14.Nb5 Qg5 15.Bc1 Qf6 
16.Nxc7 Nce5 17.Nxa8 Nh4 18.f3 Qg6 19.Qe2 Bh3 
20.g3 Bxf1 21.Kxf1 Nhxf3 22.Nc7 Nxd3 23.cxd3 Nd4 
24.Qe3 Qf6+ 25.Kg2 Nc2 26.Qd2 Nd4 27.Qf2 Ne6 
28.Qxf6 gxf6 29.Nxe6 fxe6 30.Bxh6 Rf7 31.Rc1 Kh7 
32.Be3 f5 33.Rf1 b6 34.g4 Rg7 35.g5 fxe4 36.dxe4 
d5 37.h4 dxe4 38.h5 e5 39.Rf6 Kg8 40.g6 b5 41.h6 
Rc7 42.g7 Rc2+ 43.Kg3 Re2 44.Rf8+ Kh7 
45.g8Q+ 1-0

[Event "HCL-M871"]
[Site "www.playchess.de"]
[Date "2006.01.08"]
[Round "9"]
[White "Cramneck"]
[Black "Duffy"]
[WhiteElo "1928"]
[BlackElo "1619"]
[PlyCount "55"]
[Result "1-0"]

1.Nf3 {Hi. Good to meet you.}  d5 {Hello, nice to 
meet you too}  2.c4 e6 3.g3 c5 4.Bg2 Nc6 5.O-O Nf6 
6.d4 Be7 7.cxd5 exd5 8.Nc3 O-O 9.Bg5 cxd4 10.Nxd4 
h6 11.Be3 Re8 12.Rc1 Bf8 13.Nxc6 bxc6 14.Na4 Ng4 
15.Bc5 Bxc5 16.Nxc5 Qf6 17.h3 Ne5 18.e4 Rb8 19.b3 
Rb5 20.exd5 cxd5 21.Re1 Bxh3 22.Rxe5 Rxe5 23.Bxh3 
Qe7 24.Nd7 g6 25.Nxe5 Qxe5 26.Qd2 Kh7 27.Rd1 a5 
28.Bg2 1-0

[Event "HCL-M833"]
[Site "www.playchess.de"]
[Date "2006.01.08"]
[Round "9"]
[White "schachnitz"]
[Black "Peter_Jan"]
[WhiteElo "1847"]
[BlackElo "1978"]
[PlyCount "107"]
[Result "1/2-1/2"]

1.d4 Nf6 2.c4 c5 3.d5 b5 4.cxb5 a6 5.bxa6 Bxa6 
6.Nc3 g6 7.Nf3 d6 8.e4 Bxf1 9.Kxf1 Bg7 10.g3 O-O 
11.Kg2 Nbd7 12.Re1 Ng4 13.Nd2 Nge5 14.Qe2 Nb6 
15.f4 Ned7 16.a4 Ra7 17.a5 Qa8 18.a6 Rb8 19.Nb5 
Rxa6 20.Nc7 Rxa1 21.Nxa8 Raxa8 22.b3 Ra2 23.Kh3 h5 
24.Qd3 Rba8 25.Nc4 Nxc4 26.bxc4 Bd4 27.Re2 Nb6 
28.e5 Rxe2 29.Qxe2 Ra4 30.exd6 exd6 31.f5 Be5 
32.fxg6 fxg6 33.Qe3 Rxc4 34.Qh6 Kf7 35.Bg5 Nxd5 
36.Qh7+ Ke6 37.Qxg6+ Kd7 38.Qf7+ Kc6 39.Qe8+ Kb7 
40.Qb5+ Nb6 41.Bd2 Rc2 42.Bf4 Bxf4 43.gxf4 Rc4 
44.Kg3 Kc7 45.Qe8 h4+ 46.Kxh4 Rxf4+ 47.Kg3 Rd4 
48.h4 c4 49.Qe1 Rd3+ 50.Kg2 c3 51.h5 Nc4 52.Qc1 
Ne3+ 53.Kf2 c2 54.Qa1 {(offering draw)} 
 1/2-1/2

[Event "HCL-B3800"]
[Site "www.playchess.de"]
[Date "2006.01.08"]
[Round "8"]
[White "Ferdyrojo"]
[Black "newplayer"]
[WhiteElo "1400"]
[BlackElo "1075"]
[PlyCount "107"]
[Result "1-0"]

1.e4 {Hello South African chessplayer!
My handle is Ferdyrojo and I am located in 
Santiago_de_Chile, South America.}  d5 {hola  
amigo i wish you a nice game
the best wishes out bloemfontein south africa 
merry christmas}  2.exd5 Qxd5 3.d4 Nc6 {i am in 
bloemfontein in the middle  of south africa 
capetown is 1000km away pretoria 600km away and 
the indian ocean is also 600km away it is now 
11am
}  4.Nf3 Bg4 5.Be2 O-O-O 6.c4 Qh5 7.d5 Nb4 8.Nc3 
c6 {what is your time  here is it  7.30am}  9.Qa4 
{In continental Chile it's 2:27am}  Nd3+ 10.Bxd3 
{clearing for action! / zafarrancho de combate}  
Bxf3 {:-)}  11.gxf3 Qxf3 12.Be4 Qg4 {hola amigo}  
13.Be3 Nf6 14.Qd1 {¡Hola Amigo!  Hello, Friends!}  
Qh3 15.Qf3 {D'Artagnan attacking and his Queen 
guarding him.}  Qxf3 {then without the ladys}  
16.Bxf3 cxd5 17.cxd5 {I think withour your lady 
queen, you suffer very, very much, alone and 
forsaken.}  e6 18.O-O-O {Queen's side castling, 
now, is the best move for White.}  exd5 19.Nxd5 
Nxd5 20.Rxd5 {Rook/ Roque / attacking / (carro de 
asalto) al ataque.}  Rxd5 {be carefull}  21.Bxd5 
{D'Artagnan, the French Queen's crusader, 
attacking in the center of the royal palace ...}  
f6 22.Be6+ {Check to the King!}  Kb8 23.Rd1 b6 
24.Bf4+ Kb7 25.Rd8 g5 26.Bd6 {Lovac^ki par 
attacking!
}  Bg7 27.Rxh8 Bxh8 28.h3 a5 29.a3 Kc6 30.Bg3 h5 
31.f3 Kc5 32.Kc2 h4 33.Bf2+ Kd6 34.Bg4 b5 35.Kd3 
f5 36.Bxf5 Bxb2 37.Be3 Bxa3 38.Bxg5 Bc1 39.Bxh4 
{White keep lovacki par (pair of bishops).}  a4 
40.Kc3 a3 41.Bb1 {What are your pretensions?}  Kc5 
{:-)}  42.Bf2+ {Check!}  Kd5 43.h4 Ke5 44.Bg3+ Kf6 
45.Kc2 Bb2 46.Bd6 Kg7 47.Kb3 Kh6 48.Bxa3 Bf6 49.f4 
{I will make an "alfilado" (it is a spanish 
expression, meaning a bishop guards a remote pawn 
place on the same color squares).}  Kh5 50.f5 
{This is an alfilado.}  Kxh4 51.Kb4 {Right ahead!} 
 Be7+ 52.Kb3 Bxa3 53.Kxa3 Kg5 {this time you win}  
54.Kb4 {Do you like 'Star trek'? Go and read the 
article published in this site.} 
 1-0

[Event "HCL-A2540"]
[Site "www.playchess.de"]
[Date "2006.01.08"]
[Round "20"]
[White "jjn2"]
[Black "flavio"]
[WhiteElo "1772"]
[BlackElo "1415"]
[PlyCount "25"]
[Result "1-0"]

1.e4 e6 2.d4 d5 3.Nc3 Nf6 4.Bg5 Be7 5.e5 Nfd7 
6.Bxe7 Qxe7 7.Qg4 O-O 8.Nf3 c5 {merry xmas}  9.Bd3 
cxd4 10.Nb5 Nc6 11.Bxh7+ {Best wishes for 2006! 
John}  Kxh7 {thank you hope you have a great year 
too}  12.Ng5+ Kg8 13.Qh5 1-0

[Event "HCL-E1505"]
[Site "www.playchess.de"]
[Date "2006.01.08"]
[Round "15"]
[White "Roberto_Sammi"]
[Black "Zirni"]
[WhiteElo "2000"]
[BlackElo "1656"]
[PlyCount "65"]
[Result "1-0"]

1.c4 e5 2.Nc3 f5 3.g3 Nc6 4.Bg2 Nf6 5.d3 g6 6.e3 
Bg7 7.Rb1 O-O 8.Nge2 d6 9.O-O h6 10.b4 Ne7 11.f4 
c6 12.b5 Bd7 13.fxe5 dxe5 14.d4 e4 15.bxc6 Bxc6 
16.d5 Nexd5 17.Nxd5 Nxd5 18.cxd5 Bxd5 19.Bb2 Bxa2 
20.Bxg7 Kxg7 21.Rxb7+ Kg8 22.Qa1 Bf7 23.Nf4 Qd6 
24.Rd1 {Thanks for Qd6. Now, the "MATE" is open.}  
Qc6 25.Nd5 Rfe8 26.Nf6+ Kf8 27.Rdd7 Qc4 28.Nxe8 
{Mate in 5. Happy new year.}  Kxe8 29.Rdxf7 Qxf7 
30.Qh8+ Qf8 31.Qe5+ Kd8 32.Qc7+ {Dear Zini, thanks 
for the game. Happy new year.

Moves: 32.Qc7 Ke8 Qd7#

Mate in 5, promise is debt}  Ke8 
33.Qd7+ 1-0

[Event "HCL-B3681"]
[Site "www.playchess.de"]
[Date "2006.01.08"]
[Round "6"]
[White "Oreocereus_trollii"]
[Black "schlueter"]
[WhiteElo "1500"]
[BlackElo "1541"]
[PlyCount "56"]
[Result "1/2-1/2"]

1.d4 {Hi, ich wünsch uns eine spannende Partie!}  
Nf6 {Dito...viel Erfolg aus Mölln}  2.c4 e5 3.dxe5 
{Mölln ist in Schleswig Holstein, oder? Ich komme 
aus dem Raum Regensburg in Bayern.}  Ng4 {Stimmt. 
Dreieck Hamburg Lübeck Schwerin}  4.Bf4 Bb4+ 5.Nd2 
Nc6 6.Ngf3 Qe7 7.e3 Ngxe5 8.Nxe5 Nxe5 9.Be2 a5 
10.O-O Bxd2 11.Qxd2 a4 12.Qc3 d6 13.c5 O-O 14.Rfd1 
f6 15.cxd6 cxd6 16.Qa3 Rd8 17.Rd4 Bd7 18.Qxd6 Qxd6 
{(offering draw)}  19.Rxd6 Bc6 20.Rad1 Rxd6 
21.Rxd6 Ng6 22.Bg3 Rc8 23.Bg4 Re8 24.Bd1 Ne5 25.b3 
axb3 26.Bxb3+ Kf8 27.Bxe5 fxe5 28.f3 h6 {(offering 
draw)}  1/2-1/2

[Event "HCL-E1528"]
[Site "www.playchess.de"]
[Date "2006.01.08"]
[Round "9"]
[White "badplayer"]
[Black "reddog"]
[WhiteElo "1579"]
[BlackElo "1847"]
[PlyCount "38"]
[Result "0-1"]

1.e4 {Howdy?}  e5 {hello}  2.Nf3 {Hello again}  
Nc6 {Hi, how are you}  3.Bb5 {Wish u a Merry Xmas 
& a happy, prosperous & winning new year}  Nf6 
{Thank you and I wish you the same also}  4.O-O 
Bc5 5.Nc3 Nd4 6.Nxe5 O-O 7.d3 c6 8.Ba4 d6 9.Nf3 
Bg4 10.Be3 Re8 11.Bxd4 Bxd4 12.Bb3 Qa5 13.h3 Bxf3 
14.Qxf3 Bxc3 15.bxc3 Qxc3 16.g4 h6 17.h4 Rxe4 
18.Qxe4 Nxe4 19.dxe4 Qf3 0-1

[Event "HCL-B3735"]
[Site "www.playchess.de"]
[Date "2006.01.08"]
[Round "11"]
[White "Lemo"]
[Black "King_Slayer"]
[WhiteElo "1201"]
[BlackElo "1268"]
[PlyCount "63"]
[Result "1-0"]

1.e4 e6 2.d4 d5 3.Nd2 c5 4.Ngf3 Nc6 5.exd5 exd5 
6.dxc5 Bxc5 7.Nb3 Bb6 8.Nbd4 Nge7 9.Bb5 O-O 10.c3 
Re8 11.O-O a6 12.Ba4 Bg4 13.Bf4 Ba7 14.h3 Bh5 
15.g4 Bg6 16.Ne5 b5 17.Bb3 Bxd4 18.cxd4 Nxe5 
19.Bxe5 Nc6 20.f4 Nxe5 21.dxe5 Qb6+ 22.Rf2 Qe3 
23.f5 Bxf5 24.gxf5 Rxe5 25.Qf3 Qg5+ 26.Rg2 Qxf5 
27.Qg3 g6 28.Qg4 Qd3 29.Rd1 Qe3+ 30.Kh2 Rd8 31.Qg3 
Qb6 32.Qxe5 1-0

[Event "HCL-B3771"]
[Site "www.playchess.de"]
[Date "2006.01.08"]
[Round "31"]
[White "cioran"]
[Black "newplayer"]
[WhiteElo "1214"]
[BlackElo "1113"]
[PlyCount "72"]
[Result "0-1"]

1.d4 d5 2.Nf3 Bg4 3.e3 e6 4.Be2 Bxf3 5.Bxf3 g6 
6.b3 h5 7.Bb2 Qh4 8.Nd2 Bd6 9.h3 Bb4 10.Qe2 Bxd2+ 
11.Qxd2 a5 12.g3 Qe7 13.e4 Nf6 14.e5 Nfd7 15.h4 c5 
16.c4 f6 17.cxd5 fxe5 18.dxe5 exd5 19.Qxd5 Nc6 
20.e6 Rd8 21.Bxh8 Nf6 22.Bxf6 Qxf6 {hmm ?}  23.Rd1 
{it wasn´t my best move}  Rxd5 {:-)}  24.Bxd5 Nd4 
25.O-O g5 26.hxg5 Qxg5 27.Bxb7 h4 28.Rd3 h3 29.Kh2 
Qh6 30.Bd5 Ke7 31.Re3 Qh5 32.Bc4 Qf5 33.Bd3 Nf3+ 
34.Kh1 Qf6 35.Be2 Nd2 36.Rd1 Qxf2 0-1

[Event "HCL-E1526"]
[Site "www.playchess.de"]
[Date "2006.01.08"]
[Round "13"]
[White "Matu"]
[Black "HOTSUN"]
[WhiteElo "1554"]
[BlackElo "1626"]
[PlyCount "94"]
[Result "1/2-1/2"]

1.Nf3 Nc6 2.b3 Nf6 3.Bb2 g6 4.g3 Bg7 5.Bg2 b6 
6.O-O O-O 7.e3 Bb7 8.d4 d5 9.Nbd2 Re8 10.a3 a5 
11.c4 e6 12.Rc1 Bf8 13.Ne5 Nxe5 14.dxe5 Nd7 15.f4 
Rb8 16.cxd5 Bxd5 17.Bxd5 exd5 18.Qc2 c5 19.Qc3 Bg7 
20.Qd3 Nf8 21.e4 dxe4 22.Qxd8 Rbxd8 23.Nxe4 f5 
24.exf6 Rxe4 25.fxg7 Ne6 26.Rfe1 Rxe1+ 27.Rxe1 
Nxg7 28.Bxg7 Kxg7 29.Re6 b5 30.Re5 Rd3 31.Rxc5 
Rxb3 32.a4 bxa4 33.Rxa5 a3 34.Kg2 Rb2+ 35.Kh3 a2 
36.Ra6 h5 37.Kh4 Rxh2+ 38.Kg5 Rg2 39.Ra7+ Kf8 
40.Kxg6 h4 41.Kf6 Ke8 42.gxh4 Rg4 43.Ra8+ Kd7 
44.h5 Rxf4+ 45.Kg7 Rf2 46.h6 Rg2+ 47.Kh8 Re2 
{(offering draw)}  1/2-1/2

[Event "HCL-B3663"]
[Site "www.playchess.de"]
[Date "2006.01.08"]
[Round "7"]
[White "Aggie"]
[Black "jimbeam"]
[WhiteElo "1249"]
[BlackElo "1291"]
[PlyCount "121"]
[Result "1-0"]

1.e4 e5 2.Nf3 Nc6 3.Bc4 h6 4.d3 a6 5.O-O Nf6 6.a3 
d5 7.exd5 Nxd5 8.Bxd5 Qxd5 9.Nc3 Qe6 10.d4 e4 
11.Re1 f5 12.d5 Qd6 13.dxc6 Qxd1 14.Nxd1 bxc6 
15.Bf4 Bd6 16.Bd2 O-O 17.Nd4 c5 18.Ne2 Bb7 19.b4 
cxb4 20.axb4 Rad8 21.Bc3 Rd7 22.Ne3 c5 23.bxc5 
Bxc5 24.Nc4 Re8 25.Na5 Bd5 26.Nb3 Bxb3 27.cxb3 Re6 
28.b4 Be7 29.Nf4 Red6 30.Be5 Rb6 31.h3 Bxb4 
32.Reb1 a5 33.Rbc1 Rb5 34.Rc8+ Kh7 35.Bc3 Bd6 
36.Ne6 Rdb7 37.Rc1 R5b1 38.Bxa5 R7b5 39.Bd2 R5b2 
40.Kf1 Rxc1+ 41.Bxc1 Rb1 42.Ke2 Kg6 43.Nf4+ Bxf4 
44.Bxf4 Kf6 45.Rc6+ Kf7 46.g4 Rh1 47.Rc7+ Kf6 
48.Rc6+ Kf7 49.gxf5 Rxh3 50.Re6 Rb3 51.Rxe4 Kf6 
52.Re5 Rb2+ 53.Kf3 Rc2 54.Rd5 Ra2 55.Be3 Ra4 
56.Bd4+ Kf7 57.Be5 g5 58.Rd7+ Ke8 59.Rh7 Ra6 60.f6 
Kf8 61.Rxh6 1-0